| 000 | 01126cam a2200265 4500 | ||
|---|---|---|---|
| 008 | 040913t2013 000 0 eng u | ||
| 041 | _aeng | ||
| 110 | 2 |
_aRoyal Institution of Chartered Surveyors _94900 |
|
| 245 | 0 | 0 |
_aChanging the Culture of Scottish Planning _h[electronic resource] |
| 260 |
_aLondon _bRICS _cMarch 2013 |
||
| 300 | _a64p. | ||
| 490 | 0 | _aRICS Research | |
| 520 | _aThis project has explored the culture change agenda that has accompanied the modernisation of the planning system in Scotland since 2006. The executive summary sets out the purpose and scope of the report, summarises the approach taken to the study of culture change, and the main findings and recommendations. | ||
| 650 | 2 | 4 | _aPLANNING |
| 651 | 4 | _aSCOTLAND | |
| 662 | _aScotland | ||
| 690 |
_aRICS _96277 |
||
| 700 | 1 | _aInch, Andy | |
| 700 | 1 | _aEriksson, Clare | |
| 700 | 1 | _aRowlands, James | |
| 700 | 1 | _aJohal, Amanprit | |
| 700 | 1 | _aFielder, Auriel | |
| 856 | 4 | 8 |
_uhttp://www.propertyresearchtrust.org/uploads/1/3/4/8/134819607/scottish_planning_culture.pdf _zAvailable from the Property Research Trust |
| 942 |
_n0 _2ddc |
||
| 999 |
_c121759 _d121759 |
||